[Event "Joao Pessoa de Assis Memorial 2nd"]
[Site "Joao Pessoa"]
[Date "2022.10.23"]
[Round "5"]
[White "De Oliveira, Daniel Paiva"]
[Black "Lemos, Doriedson"]
[Result "1-0"]
[WhiteElo "2019"]
[BlackElo "2125"]
[PlyCount "109"]
[EventDate "2022.10.21"]
[EventType "swiss"]
[EventRounds "6"]
[EventCountry "BRA"]
[SourceTitle "CBM 210 Extra"]
[Source "ChessBase"]
[SourceDate "2022.11.30"]
[SourceVersion "1"]
[SourceVersionDate "2022.11.30"]
[SourceQuality "1"]

1. Nf3 Nf6 2. g3 b6 3. Bg2 Bb7 4. 0-0 c5 5. c4 d6 6. a3 e6 7. b4 Be7 8. Qb3 Qc7 9. Nc3 a6 10. Rb1 cxb4 11. axb4 Nbd7 12. d3 0-0 13. Bb2 Rfc8 14. Rfc1 Bf8 15. Nd2 Bxg2 16. Kxg2 Qb7+ 17. e4 Ne5 18. Ne2 Nfd7 19. d4 Ng6 20. d5 e5 21. Ba3 Rab8 22. Nf1 b5 23. Ne3 bxc4 24. Nxc4 Qb5 25. Qa2 f5 26. Na5 Qd3 27. Nc6 f4 28. f3 Ra8 29. Rb3 Qb5 30. Nc3 Qb6 31. Qc2 fxg3 32. hxg3 Qe3 33. Rh1 Qg5 34. Bc1 Qf6 35. Be3 h6 36. Na4 Qf7 37. Rc3 Qe8 38. Re1 Kh8 39. Nb2 Qf7 40. Qe2 Re8 41. Ra3 Nf6 42. Rea1 Nh5 43. Rxa6 Rxa6 44. Rxa6 Qf6 45. Nd3 Be7 46. Qf2 Ngf4+ 47. gxf4 exf4 48. Bd4 Qg6+ 49. Kf1 Ng3+ 50. Ke1 Bh4 51. Kd1 Rxe4 52. fxe4 Qxe4 53. Qc2 Qf3+ 54. Kc1 Ne2+ 55. Kb1 1-0

[Event "Joao Pessoa de Assis Memorial 2nd"]
[Site "Joao Pessoa"]
[Date "2022.10.22"]
[Round "3"]
[White "Lima, Artur Tin Lun Dai"]
[Black "Lemos, Doriedson"]
[Result "0-1"]
[WhiteElo "1817"]
[BlackElo "2125"]
[PlyCount "108"]
[EventDate "2022.10.21"]
[EventType "swiss"]
[EventRounds "6"]
[EventCountry "BRA"]
[SourceTitle "CBM 210 Extra"]
[Source "ChessBase"]
[SourceDate "2022.11.30"]
[SourceVersion "1"]
[SourceVersionDate "2022.11.30"]
[SourceQuality "1"]

1. e4 g6 2. d4 d6 3. Nc3 a6 4. a4 Bg7 5. Nf3 Nf6 6. Be2 0-0 7. 0-0 Bg4 8. Be3 Nfd7 9. d5 c5 10. Nd2 Bxe2 11. Qxe2 Nf6 12. Ra3 Nbd7 13. f3 Ne5 14. Nc4 Nxc4 15. Qxc4 b5 16. axb5 axb5 17. Qxb5 Rb8 18. Qa4 Rxb2 19. Rb1 Nxd5 20. Rxb2 Nxc3 21. Qb3 Nd1 22. c3 Nxb2 23. Qxb2 Qc7 24. Qa2 Rb8 25. Ra8 Qb7 26. Ra7 Qb1+ 27. Qxb1 Rxb1+ 28. Kf2 Bf8 29. Ra8 Kg7 30. e5 Rb2+ 31. Kf1 Rc2 32. Bh6+ Kxh6 33. Rxf8 Kg7 34. Re8 dxe5 35. Rxe7 Kf6 36. Rc7 Rxc3 37. Kf2 h5 38. Rc6+ Kg5 39. g3 f6 40. h4+ Kf5 41. Ke2 Rc2+ 42. Ke3 Rg2 43. Rxc5 Rxg3 44. Kf2 Rh3 45. Rc4 Rh1 46. Kg2 Rd1 47. Kg3 Rd3 48. Ra4 g5 49. hxg5 fxg5 50. Ra8 g4 51. Rf8+ Kg6 52. Kh4 Rxf3 53. Rg8+ Kf5 54. Rg5+ Kf4 0-1

[Event "Campina Grande 1st"]
[Site "Campina Grande"]
[Date "2019.04.14"]
[Round "11"]
[White "De Oliveira, Lincoln Robert Lem"]
[Black "Lemos, Doriedson"]
[Result "0-1"]
[WhiteElo "1721"]
[BlackElo "2162"]
[PlyCount "28"]
[EventDate "2019.04.09"]
[EventType "tourn"]
[EventRounds "11"]
[EventCountry "BRA"]
[SourceTitle "CBM 190 Extra"]
[Source "ChessBase"]
[SourceDate "2019.07.15"]
[SourceVersion "1"]
[SourceVersionDate "2019.07.15"]
[SourceQuality "1"]

1. d4 d5 2. c4 dxc4 3. e4 Nf6 4. Nc3 a6 5. Bxc4 b5 6. Bb3 Bb7 7. d5 c6 8. f3 cxd5 9. Bxd5 Nxd5 10. Nxd5 e6 11. Ne3 Qb6 12. Nh3 Bb4+ 13. Bd2 Qxe3+ 14. Qe2 Bxd2+ 0-1

[Event "Joao Pessoa Fischer Memorial 9th"]
[Site "Joao Pessoa"]
[Date "2018.03.17"]
[Round "4"]
[White "Lemos, Doriedson"]
[Black "Supi, Luis Paulo"]
[Result "0-1"]
[WhiteElo "2162"]
[BlackElo "2557"]
[PlyCount "64"]
[EventDate "2018.03.16"]
[EventType "swiss"]
[EventRounds "6"]
[EventCountry "BRA"]
[SourceTitle "CBM 183 Extra"]
[Source "ChessBase"]
[SourceDate "2018.04.19"]
[SourceVersion "1"]
[SourceVersionDate "2018.04.19"]
[SourceQuality "1"]

1. d4 Nf6 2. c4 g6 3. Nc3 Bg7 4. e4 d6 5. f3 0-0 6. Be3 Nc6 7. Qd2 a6 8. Nge2 Rb8 9. Nc1 Ne8 10. Nb3 f5 11. Be2 Nf6 12. 0-0 e5 13. exf5 Bxf5 14. Rfe1 exd4 15. Nxd4 Bd7 16. Rad1 Ne5 17. Bf1 Nf7 18. Nde2 b6 19. Nf4 c6 20. a4 a5 21. Bf2 Bh6 22. Be3 Re8 23. Nd3 Bg7 24. Nf2 Bf5 25. Bd3 Bxd3 26. Nxd3 d5 27. cxd5 Nxd5 28. Nxd5 Qxd5 29. Nf4 Qb3 30. Qf2 Qxa4 31. Rd7 c5 32. Red1 Bd4 0-1

[Event "Paraiba-ch 25th"]
[Site "Joao Pessoa"]
[Date "2017.12.10"]
[Round "5"]
[White "Lemos, Doriedson"]
[Black "Brito, Luismar Jorge"]
[Result "1/2-1/2"]
[WhiteElo "2131"]
[BlackElo "2317"]
[PlyCount "91"]
[EventDate "2017.12.08"]
[EventType "swiss"]
[EventRounds "5"]
[EventCountry "BRA"]
[SourceTitle "EXT 2019"]
[Source "ChessBase"]
[SourceDate "2018.10.10"]
[SourceVersion "1"]
[SourceVersionDate "2018.10.10"]
[SourceQuality "1"]

1. Nf3 c5 2. c4 Nc6 3. g3 b6 4. Bg2 Bb7 5. 0-0 Nf6 6. Nc3 e6 7. d3 Be7 8. e4 d6 9. b3 Ng4 10. Bb2 Bf6 11. Rb1 h5 12. Ne2 Nge5 13. d4 Nxf3+ 14. Bxf3 h4 15. Bg2 Qe7 16. Qd2 Rd8 17. d5 Ne5 18. f4 Ng4 19. h3 Bxb2 20. Rxb2 Nf6 21. g4 exd5 22. exd5 Kd7 23. Nc3 Rde8 24. Qf2 Qe3 25. Rc2 Re7 26. Qxe3 Rxe3 27. Rf3 Re1+ 28. Rf1 Rhe8 29. Rxe1 Rxe1+ 30. Kf2 Ra1 31. Bf3 Ng8 32. Ke3 Bc8 33. Ne4 Ke7 34. Ng5 Nf6 35. Be2 Bd7 36. Kd2 Rg1 37. Rc1 Rg2 38. Ke3 b5 39. Rb1 a5 40. a3 b4 41. axb4 axb4 42. Ra1 g6 43. Rf1 Bc8 44. Rf2 Rg3+ 45. Rf3 Rg2 46. Rf2 1/2-1/2

[Event "Agua Preta op"]
[Site "Agua Preta"]
[Date "2017.11.25"]
[Round "3"]
[White "Lemos, Doriedson"]
[Black "Frankental, David"]
[Result "1-0"]
[WhiteElo "2142"]
[BlackElo "1895"]
[PlyCount "61"]
[EventDate "2017.11.24"]
[EventType "swiss"]
[EventRounds "6"]
[EventCountry "BRA"]
[SourceTitle "CBM 181 Extra"]
[Source "ChessBase"]
[SourceDate "2017.12.12"]
[SourceVersion "1"]
[SourceVersionDate "2017.12.12"]
[SourceQuality "1"]

1. d4 f5 2. Nf3 Nf6 3. c4 g6 4. e3 Bg7 5. Bd3 0-0 6. 0-0 c6 7. Nbd2 d5 8. b3 Re8 9. Bb2 Nbd7 10. cxd5 cxd5 11. Rc1 Ne4 12. Qc2 e5 13. dxe5 Nxe5 14. Nxe5 Bxe5 15. Bxe5 Rxe5 16. Nf3 Re7 17. Rfd1 Qf8 18. Bf1 Be6 19. Nd4 Rc8 20. Qb2 Rxc1 21. Rxc1 Qf6 22. Qa3 a6 23. g3 Bd7 24. Rc7 g5 25. Bg2 f4 26. Bxe4 dxe4 27. Qc1 fxg3 28. hxg3 h5 29. Qc4+ Kh8 30. Qd5 Bh3 31. Qd8+ 1-0

[Event "Agua Preta op"]
[Site "Agua Preta"]
[Date "2017.11.24"]
[Round "2"]
[White "Santiago, Yago de Moura"]
[Black "Lemos, Doriedson"]
[Result "1-0"]
[WhiteElo "2510"]
[BlackElo "2142"]
[PlyCount "109"]
[EventDate "2017.11.24"]
[EventType "swiss"]
[EventRounds "6"]
[EventCountry "BRA"]
[SourceTitle "CBM 181 Extra"]
[Source "ChessBase"]
[SourceDate "2017.12.12"]
[SourceVersion "1"]
[SourceVersionDate "2017.12.12"]
[SourceQuality "1"]

1. d4 Nf6 2. c4 e6 3. Nf3 b6 4. a3 Bb7 5. Nc3 d5 6. cxd5 Nxd5 7. e3 Be7 8. Bb5+ c6 9. Bd3 0-0 10. e4 Nxc3 11. bxc3 c5 12. 0-0 Nc6 13. d5 Na5 14. dxe6 fxe6 15. Qe2 Qc7 16. Rb1 Rae8 17. Re1 e5 18. Nd2 Bc6 19. Nf1 Nb7 20. Bc2 Nd6 21. Rd1 c4 22. Ne3 b5 23. Nd5 Bxd5 24. Rxd5 Bf6 25. a4 a6 26. Ba3 Re6 27. Rbd1 Be7 28. R1d2 Qc6 29. Bc5 Rff6 30. axb5 axb5 31. g3 Nb7 32. Bxe7 Rxe7 33. Qh5 Rfe6 34. Bd1 g6 35. Qh6 Rd6 36. Bg4 b4 37. Qg5 Kf8 38. Rxe5 Rxe5 39. Qf4+ Rf6 40. Qxe5 Nd6 41. cxb4 c3 42. Rc2 Qxe4 43. Qxe4 Nxe4 44. f3 Nd6 45. Rxc3 h5 46. Bd7 Ke7 47. Bc6 Nf5 48. Be4 Nd6 49. Bc6 Rf5 50. Rc5 Ke6 51. Rxf5 Nxf5 52. Kf2 g5 53. Be4 Nd6 54. Ke3 h4 55. Kd4 1-0

[Event "Belem Regional Norte"]
[Site "Belem"]
[Date "2016.03.19"]
[Round "4"]
[White "Lemos, Doriedson"]
[Black "Moraes, Nelson da Silva"]
[Result "0-1"]
[WhiteElo "2158"]
[BlackElo "2188"]
[PlyCount "68"]
[EventDate "2016.03.18"]
[EventType "swiss"]
[EventRounds "6"]
[EventCountry "BRA"]
[SourceTitle "CBM 171 Extra"]
[Source "ChessBase"]
[SourceDate "2016.04.26"]
[SourceVersion "1"]
[SourceVersionDate "2016.04.26"]
[SourceQuality "1"]

1. d4 Nf6 2. c4 e6 3. Nf3 Bb4+ 4. Bd2 Qe7 5. g3 Ne4 6. Bg2 Nxd2 7. Nbxd2 d5 8. 0-0 0-0 9. Qc2 c6 10. e4 dxe4 11. Nxe4 Nd7 12. a3 Ba5 13. Rad1 f5 14. Nc3 e5 15. dxe5 Nxe5 16. Nxe5 Qxe5 17. Rfe1 Qf6 18. b4 Bc7 19. b5 Ba5 20. bxc6 bxc6 21. Nd5 cxd5 22. Bxd5+ Kh8 23. Bxa8 f4 24. Bd5 Bg4 25. f3 fxg3 26. hxg3 Qd6 27. Kg2 Bxe1 28. Rxe1 Bf5 29. Qa4 Qh6 30. f4 Bh3+ 31. Kf2 Qb6+ 32. Kf3 Qb2 33. Qb4 Qg2+ 34. Ke3 Re8+ 0-1

[Event "Joao Pessoa Fischer Memorial 7th"]
[Site "Joao Pessoa"]
[Date "2016.03.13"]
[Round "5"]
[White "Lemos, Doriedson"]
[Black "Macedo, Alexandre Soares"]
[Result "1-0"]
[WhiteElo "2158"]
[BlackElo "1828"]
[PlyCount "115"]
[EventDate "2016.03.11"]
[EventType "swiss"]
[EventRounds "6"]
[EventCountry "BRA"]
[SourceTitle "CBM 171 Extra"]
[Source "ChessBase"]
[SourceDate "2016.04.26"]
[SourceVersion "1"]
[SourceVersionDate "2016.04.26"]
[SourceQuality "1"]

1. d4 d5 2. Nf3 Bf5 3. c4 e6 4. Nc3 Nf6 5. Bg5 Be7 6. Qb3 b6 7. Bxf6 gxf6 8. cxd5 exd5 9. Qxd5 Qxd5 10. Nxd5 Bd8 11. Nc3 Nd7 12. e3 a6 13. Be2 Be7 14. Nh4 Bg6 15. Bf3 Ra7 16. Bc6 Kd8 17. 0-0 Nb8 18. Ba4 c6 19. Rfd1 Bd6 20. Nxg6 hxg6 21. g3 b5 22. Bb3 a5 23. Ne4 Ke7 24. Bxf7 Bxg3 25. hxg3 Kxf7 26. Rac1 Rd8 27. Kg2 Rad7 28. Nc5 Re7 29. Rh1 Kg7 30. Kf3 Rd5 31. Rh2 f5 32. Rch1 Kf6 33. Nd3 Nd7 34. Rc1 Rd6 35. Rh8 Nb6 36. Rh6 Rg7 37. Ne5 Kg5 38. Rh8 Rc7 39. Ke2 Nd5 40. f4+ Kf6 41. Rg8 Ne7 42. Ra8 a4 43. Ra6 Ke6 44. Rc5 Rc8 45. Nd3 Nd5 46. g4 Ne7 47. Re5+ Kf7 48. Ra7 Re6 49. gxf5 gxf5 50. Rxf5+ Kg6 51. Rg5+ Kh6 52. Ne5 Rf8 53. Kf3 Kh7 54. e4 Kh8 55. Rxe7 Rh6 56. Ng6+ Kg8 57. Nxf8+ Kxf8 58. Reg7 1-0

[Event "Joao Pessoa Fischer Memorial 7th"]
[Site "Joao Pessoa"]
[Date "2016.03.12"]
[Round "3"]
[White "Lemos, Doriedson"]
[Black "Lima, Darcy Gustavo Macha"]
[Result "0-1"]
[WhiteElo "2158"]
[BlackElo "2523"]
[PlyCount "62"]
[EventDate "2016.03.11"]
[EventType "swiss"]
[EventRounds "6"]
[EventCountry "BRA"]
[SourceTitle "CBM 171 Extra"]
[Source "ChessBase"]
[SourceDate "2016.04.26"]
[SourceVersion "1"]
[SourceVersionDate "2016.04.26"]
[SourceQuality "1"]

1. d4 Nf6 2. c4 c5 3. Nf3 g6 4. g3 Bg7 5. Bg2 0-0 6. 0-0 d6 7. Nc3 Nc6 8. Re1 Bg4 9. dxc5 dxc5 10. Be3 Qa5 11. Qb3 b6 12. h3 Be6 13. Nd5 Nxd5 14. cxd5 c4 15. Qxc4 Bxd5 16. Qc1 Qb5 17. b3 Bxa1 18. Qxa1 f6 19. Rd1 Rfd8 20. Qb2 Bxf3 21. Rxd8+ Rxd8 22. Bxf3 Ne5 23. Bg2 Nc4 24. Qc3 Nxe3 25. Qxe3 Qe5 26. Qxe5 fxe5 27. Bf1 Rd2 28. a4 e4 29. f4 exf3 30. exf3 g5 31. Bc4+ Kg7 0-1

[Event "Potiguar-ch"]
[Site "Macaiba"]
[Date "2015.12.13"]
[Round "4.1"]
[White "Jordao Barbosa, Marcio Ferre"]
[Black "Lemos, Doriedson"]
[Result "1/2-1/2"]
[WhiteElo "1962"]
[BlackElo "2152"]
[PlyCount "93"]
[EventDate "2015.12.12"]
[EventType "swiss"]
[EventRounds "5"]
[EventCountry "BRA"]
[SourceTitle "EXT 2022"]
[Source "ChessBase"]
[SourceDate "2021.10.06"]
[SourceVersion "1"]
[SourceVersionDate "2021.10.06"]
[SourceQuality "1"]

1. e4 c5 2. Nf3 e6 3. Nc3 Nc6 4. d4 cxd4 5. Nxd4 Qc7 6. a3 Nf6 7. Bg5 a6 8. Nxc6 Qxc6 9. Qf3 Be7 10. Bd3 b5 11. e5 Qxf3 12. gxf3 Nd5 13. Nxd5 exd5 14. Bxe7 Kxe7 15. Rg1 g6 16. 0-0-0 Bb7 17. f4 Rac8 18. Be2 Rc5 19. Rd4 Rhc8 20. c3 h5 21. Rg5 d6 22. exd6+ Kxd6 23. f5 gxf5 24. Rxf5 Ke6 25. Rxh5 Rg8 26. Bg4+ Ke7 27. h3 Rc4 28. Rh6 Rc6 29. Rxc6 Bxc6 30. Kd2 f5 31. Bxf5 Rf8 32. Bd3 Rxf2+ 33. Be2 Rh2 34. h4 b4 35. Ke3 bxc3 36. bxc3 Rh3+ 37. Bf3 Kf6 38. Kf2 Bb7 39. Kg2 Bc8 40. a4 Be6 41. a5 Ke5 42. Rb4 Bf5 43. h5 Bd7 44. Rb7 Bf5 45. Rb4 Bd7 46. Rb7 Bf5 47. Rb4 1/2-1/2

[Event "Joao Pessoa op 6th"]
[Site "Joao Pessoa"]
[Date "2015.10.11"]
[Round "3"]
[White "Baltar, Petrov Ferreira"]
[Black "Lemos, Doriedson"]
[Result "0-1"]
[WhiteElo "1751"]
[BlackElo "2146"]
[PlyCount "88"]
[EventDate "2015.10.10"]
[EventType "swiss"]
[EventRounds "5"]
[EventCountry "BRA"]
[SourceTitle "CBM 168 Extra"]
[Source "ChessBase"]
[SourceDate "2015.10.29"]
[SourceVersion "1"]
[SourceVersionDate "2015.10.29"]
[SourceQuality "1"]

1. d4 Nf6 2. Bg5 Ne4 3. Bf4 c5 4. d5 Qb6 5. Bc1 g6 6. f3 Nf6 7. e4 d6 8. Na3 Bg7 9. Nc4 Qc7 10. a4 0-0 11. Ne2 Na6 12. Nc3 Bd7 13. Be2 Rab8 14. Nb5 Qd8 15. Nxa7 Nc7 16. Nb6 Ncxd5 17. Nxd7 Nxd7 18. Nb5 Nb4 19. c3 Nc6 20. 0-0 Na5 21. f4 Nb6 22. f5 Nc6 23. h4 Ne5 24. h5 Nbd7 25. h6 Bh8 26. Bg5 Nf6 27. Bh4 Nxe4 28. fxg6 Nxg6 29. Qe1 Be5 30. Bc4 Nf6 31. Rd1 Qd7 32. Bxf6 Bxf6 33. Rxf6 exf6 34. Qf2 f5 35. Rxd6 Qe7 36. Rd1 Rbd8 37. Re1 Qg5 38. Qe3 f4 39. Qh3 Rd2 40. Bf1 Nh4 41. Kh1 Nf5 42. Kg1 Ne3 43. Qf3 Ng4 44. Re4 Nf2 0-1

[Event "Potiguar-ch sf"]
[Site "Natal"]
[Date "2015.09.07"]
[Round "6"]
[White "Lemos, Doriedson"]
[Black "Hiramine, Rodrigo Yoshio Ferr"]
[Result "1-0"]
[WhiteElo "2124"]
[BlackElo "2013"]
[PlyCount "77"]
[EventDate "2015.09.04"]
[EventType "swiss"]
[EventRounds "7"]
[EventCountry "BRA"]
[SourceTitle "EXT 2022"]
[Source "ChessBase"]
[SourceDate "2021.10.06"]
[SourceVersion "1"]
[SourceVersionDate "2021.10.06"]
[SourceQuality "1"]

1. d4 Nf6 2. c4 g6 3. Nc3 d5 4. Nf3 Bg7 5. Bg5 Ne4 6. Bf4 Nxc3 7. bxc3 0-0 8. e3 c5 9. Be2 Nc6 10. 0-0 Bf5 11. Rc1 Rc8 12. cxd5 Qxd5 13. c4 Qd8 14. d5 Nb4 15. Qb3 Qb6 16. Be5 Rfd8 17. Bxg7 Kxg7 18. Nh4 Bd7 19. e4 Qf6 20. Nf3 Bg4 21. a3 Na6 22. e5 Qf5 23. Qxb7 Nc7 24. Rfe1 Ne8 25. Qxe7 Qh5 26. e6 Nd6 27. h3 Bxf3 28. Bxf3 Qf5 29. Bg4 Qf4 30. exf7 Rf8 31. g3 Qxf7 32. Bxc8 Nxc8 33. Qxc5 Qf6 34. Re6 Qf5 35. Rce1 Rf7 36. Qd4+ Kh6 37. R1e4 Nb6 38. Rh4+ Kg5 39. f4+ 1-0